The Girl with the dragon tattoo / (Record no. 31043)

MARC details
000 -LEADER
fixed length control field 02155cam a2200373 i 4500
001 - CONTROL NUMBER
control field 8388201
003 - CONTROL NUMBER IDENTIFIER
control field EG-ScBUE
005 - DATE AND TIME OF LATEST TRANSACTION
control field 20251202094346.0
008 - FIXED-LENGTH DATA ELEMENTS--GENERAL INFORMATION
fixed length control field 080421s2008 nyu f 000 0 eng d
020 ## - INTERNATIONAL STANDARD BOOK NUMBER
International Standard Book Number 9780307473479
035 ## - SYSTEM CONTROL NUMBER
System control number (OCoLC)226304725
035 ## - SYSTEM CONTROL NUMBER
System control number 8388201
040 ## - CATALOGING SOURCE
Original cataloging agency DLC
Language of cataloging eng
Description conventions rda
Transcribing agency DLC
Modifying agency BAKER
-- BTCTA
-- YDXCP
-- UPZ
-- C#P
-- CDX
-- BWX
-- ABG
-- JZ6
-- EG-ScBUE
041 1# - LANGUAGE CODE
Language code of text/sound track or separate title eng
Language code of original and/or intermediate translations of text swe
082 04 - DEWEY DECIMAL CLASSIFICATION NUMBER
Edition number 22
Classification number 741.5942
Item number LAR
100 1# - MAIN ENTRY--PERSONAL NAME
Personal name Larsson, Stieg,
Dates associated with a name 1954-2004.
Relator term author.
240 10 - UNIFORM TITLE
Uniform title <a href="M�an som hatar kvinnor.">M�an som hatar kvinnor.</a>
Language of a work English
245 14 - TITLE STATEMENT
Title The Girl with the dragon tattoo /
Statement of responsibility, etc by Stieg Larsson ; translated from the Swedish by Reg Keeland.
264 #1 - PUBLICATION, DISTRIBUTION, ETC. (IMPRINT)
Place of publication, distribution, etc New York :
Name of publisher, distributor, etc Vintage Books,
Date of publication, distribution, etc 2009.
300 ## - PHYSICAL DESCRIPTION
Extent 465 pages ;
Dimensions 25 cm
336 ## - CONTENT TYPE
Source rdacontent
Content type term text
Content type code txt
337 ## - MEDIA TYPE
Source rdamedia
Media type term unmediated
Media type code n
338 ## - CARRIER TYPE
Source rdacarrier
Carrier type term volume
Carrier type code nc
500 ## - GENERAL NOTE
General note Originally published: Stockholm : Norstedt, 2005.
520 ## - SUMMARY, ETC.
Summary, etc The disappearance forty years ago of Harriet Vanger, a young scion of one of the wealthiest families in Sweden, gnaws at her octogenarian uncle, Henrik Vanger. He is determined to know the truth about what he believes was her murder. He hires crusading journalist Mikael Blomkvist, recently at the wrong end of a libel case, to get to the bottom of Harriet's disappearance. Lisbeth Salander, a twenty-four-year-old, pierced, tattooed genius hacker, possessed of the hard-earned wisdom of someone twice her age--and a terrifying capacity for ruthlessness--assists Blomkvist with the investigation. This unlikely team discovers a vein of nearly unfathomable iniquity running through the Vanger family, an astonishing corruption at the highest echelon of Swedish industrialism--and a surprising connection between themselves.--From publisher description.
546 ## - LANGUAGE NOTE
Language note Text in English ; translated from the original Swedish language.<br/>
650 #7 - SUBJECT ADDED ENTRY--TOPICAL TERM
Topical term or geographic name as entry element Missing persons
Geographic subdivision Sweden
Form subdivision Fiction.
Source of heading or term BUEsh
650 #7 - SUBJECT ADDED ENTRY--TOPICAL TERM
Topical term or geographic name as entry element Rich people
Geographic subdivision Sweden
Form subdivision Fiction.
Source of heading or term BUEsh
650 #7 - SUBJECT ADDED ENTRY--TOPICAL TERM
Topical term or geographic name as entry element Corruption
Geographic subdivision Sweden
Form subdivision Fiction.
Source of heading or term BUEsh
651 #7 - SUBJECT ADDED ENTRY--GEOGRAPHIC NAME
Geographic name Sweden
Form subdivision Fiction.
Source of heading or term BUEsh
655 ## - INDEX TERM--GENRE/FORM
Form subdivision Reading book
700 1# - ADDED ENTRY--PERSONAL NAME
Personal name Keeland, Reg,
Relator term translator.
942 ## - ADDED ENTRY ELEMENTS (KOHA)
Source of classification or shelving scheme Dewey Decimal Classification
Koha item type Book - Borrowing
Holdings
Withdrawn status Lost status Source of classification or shelving scheme Damaged status Not for loan Collection code Home library Current library Shelving location Date acquired Source of acquisition Total Checkouts Full call number Barcode Date last seen Price effective from Koha item type
    Dewey Decimal Classification     Donation-Gift Central Library Central Library Second Floor 02/12/2025 Donation   741.5942 LAR 000057440 02/12/2025 02/12/2025 Book - Borrowing